000 01441cam a2200313 a 4500
001 000006668
003 DO-SdBNP
005 20250602113834.0
008 800204s1967 ve a 001 0 spa
035 _a(DLC) 79396870
040 _aDO-SdBNP
_cDLC
_dDLC
_dBNPHU
049 _aBNGR
082 _a970.01
_bB479h
100 1 _aBenzoni, Girolamo,
_db. 1519.
_918557
245 1 3 _aLa historia del Mundo Nuevo /
_cM. Girolamo Benzoni ; traducción y notas de Marisa Vannini de Gerulewicz ; estudio preliminar de León Croizat.
260 _aCaracas :
_bAcademia Nacional de Historia,
_c1967.
300 _axciv, 297 p. : ;
_c23 cm.
490 1 _aBiblioteca de la Academia Nacional de la Historia
_v86
_aFuentes para la historia colonial de Venezuela
504 _aIncluye referencia bibliográficas.
650 4 _aTrato a los indigenas
_zAmérica Latina
_918560
651 4 _aAmerica Latina
_xHistoria
_91786
651 4 _aAmérica Latina
_xDescripciones y viajes
_ySiglo XVI
_918558
_vEnsayos, conferencias, etc.
651 0 _aAmérica del Sur
_xHistoria
_yGuerras de Independencia, 1806-1830
_vEnsayo, conferencias, etc.
_94537
651 4 _aEspaña
_xColonias
_zAmérica
_xAdministración
_915196
700 1 _aVannini de Gerulewicz, Marisa,
_etr.
_918561
830 0 _aBiblioteca de la Academia Nacional de la Historia ;
_v86
_pFuentes para la historia colonial de Venezuela
_97602
910 _aCatalogación por copia / LC
942 _2ddc
_cLBS1
999 _c6457
_d6457